| 000 | 01050nam a2200241 a 4500 | ||
|---|---|---|---|
| 005 | 20210531105239.0 | ||
| 008 | 210531s2005 ck |||gr|||| 00| 0 spa d | ||
| 020 | _a9588049229 | ||
| 040 |
_aCO-BoUCM _cDeissy Garcia _dDeissy Garcia |
||
| 041 | 0 | _aspa | |
| 245 | 0 | 0 |
_aCompilación de instrumentos internacionales, doctrina y jurisprudencia sobre justicia, verdad y reparación _ccompilación y edición María Paula Gómez Méndez, Alexandra Montoya Salamanca |
| 260 |
_aBogotá _bFundación Social _c2005 |
||
| 300 | _a382 páginas | ||
| 504 | _aIncluye referencias bibliográficas | ||
| 650 | 7 |
_aDerecho internacional humanitario _vColecciones de escritos _9103714 |
|
| 650 | 7 |
_aDelitos internacionales _xJurisprudencia _9103715 |
|
| 650 | 7 |
_aDerecho penal _xDoctrina _9103716 |
|
| 650 | 7 |
_aReparación (Justicia penal) _9363 |
|
| 700 |
_9102981 _aGómez Méndez, María Paula _eeditor |
||
| 700 | 1 |
_9103713 _aMontoya Salamanca, Alexandra _eeditor |
|
| 942 |
_cLIBRO _2DEWEY _a6 _e1 _h323.4026 _mC737 _n0 |
||
| 999 |
_c318889 _d318889 |
||